01783pab a2200205 454500008004000000100002200040245007100062260000900133300001400142362000800156520114100164650002301305650003501328650002601363650001401389773004301403909001001446999001701456952010401473180718b2002 xxu||||| |||| 00| 0 eng d aMozaffar, Shaheen aPatterns of electoral governance in Africa's emerging democracices c2002 ap.85-101. aJan aThis article describes and explains patterns of electoral governance in Africa's emerging democracies through a systematic examination of election management bodies (EMBs), the formal units principally responsible for the organization and conduct of elections. The effectiveness of EMBs as institutional linchpins of electoral governance depends largely, but not exclusively, on their autonomy from the government. The article measures the degree of autonomy of EMBs as an indicator of the varying patterns of electoral governance in Africa's emerging democracies and employs an ordered probit model to account for them. The model confirms the expected combined effects of the institutional legacies of colonial governance and postcolonial neopatrimonial regimes, ethnopolitical fragmentation and political negotiations over new democratic institutions on the relative autonomy of EMBs. Predicted probabilities calculated from the probit coefficients accurately predict the separate impact of each independent variable on the likelihood of African countries choosing non-autonomous, semi-autonomous or autonomous EMBs. - Reproduced. aElections - Africa aPublic administration - Africa aPublic administration aElections aInternational Political Science Review a54593 c54593d54593 00104070aIIPAbIIPAd2018-07-19hVolume no: 23, Issue no: 1pAR55038r2018-07-19w2018-07-19yAR